Missing Word: Female-Named TV Shows Quiz Stats

Quiz Updated Nov 5, 2017

Also try: Eponymous TV Shows
Challenge
Share
Tweet
Embed
Score 0/30 Timer 04:00
1 Play Today
Show Name % Correct
Ugly _____Betty
97.3%
_____ the Vampire SlayerBuffy
97.3%
Will & _____Grace
96.8%
_____ the Teenage WitchSabrina
93.1%
_____ the ExplorerDora
91%
_____: Warrior PrincessXena
90.3%
_____ & ShirleyLaverne
87.7%
I Dream of _____Jeannie
86.7%
_____ MarsVeronica
84.2%
_____ and GregDharma
83.5%
That's So _____Raven
81.9%
_____ Loves ChachiJoanie
80.3%
The New Adventures of Old _____Christine
80.2%
Mike and _____Molly
77.9%
The ____ Silverman ProgramSarah
77.7%
Show Name % Correct
The _____ ProjectMindy
75.9%
Unbreakable _____ SchmidtKimmy
74.6%
_____ McGuireLizzie
72.2%
Nurse _____Jackie
70.5%
_____ Explains It AllClarissa
65.3%
_____ and the KingAnna
63.2%
Hope & _____Faith
58.5%
_____ Hartman, ____ HartmanMary
53.2%
My Sister _____Sam
43.8%
_____ 101Zoey
41.8%
_____ and JoeyMelissa
41.1%
The Secret World of _____ MackAlex
28.1%
_____ CallingTru
27.7%
_____ Slept HereJennifer
14.3%
_____ at LargeWanda
9.6%

Today's Daily Dose

You're not logged in!

Compare scores with friends on all Sporcle quizzes.
Sign Up with Email
OR
Log In

You Might Also Like...

Show Comments

Extras

Top Quizzes Today


Score Distribution

Your Account Isn't Verified!

In order to create a playlist on Sporcle, you need to verify the email address you used during registration. Go to your Sporcle Settings to finish the process.